00255nam a2200097Ia 4500008004100000100001700041245004300058250000800101260004000109300000800149191201s1999 xx 000 0 und d aLEON, Alexis 0aFundamentals of information technology a2nd c1999bLeon Press ChennaiaNEW DELHI a578